[Event "Krk Golden Island op 1st"]
[Site "Malinska"]
[Date "2013.04.11"]
[Round "8"]
[White "Blazeka, Matej"]
[Black "Grunberg, Sergiu Henric"]
[Result "1/2-1/2"]
[WhiteElo "2285"]
[BlackElo "2377"]
[PlyCount "63"]
[EventDate "2013.04.06"]
[EventType "swiss"]
[EventRounds "9"]
[EventCountry "CRO"]
[SourceTitle "CBM 153 Extra"]
[Source "ChessBase"]
[SourceDate "2013.04.22"]
[SourceVersion "1"]
[SourceVersionDate "2013.04.22"]
[SourceQuality "1"]

1. e4 Nf6 2. e5 Nd5 3. d4 d6 4. Nf3 dxe5 5. Nxe5 c6 6. Be2 Nd7 7. Nf3 g6 8. c4 Nc7 9. Nc3 Bg7 10. Bf4 0-0 11. Qd2 Nf6 12. h3 Bf5 13. Qe3 b5 14. Ne5 Bd7 15. Bf3 bxc4 16. Bxc6 Bxc6 17. Nxc6 Qd7 18. Ne5 Qc8 19. 0-0 Nfd5 20. Nxd5 Nxd5 21. Qe4 Nxf4 22. Qxf4 Rb8 23. b3 cxb3 24. axb3 Rb7 25. Rfc1 Qb8 26. Qe4 Bxe5 27. Qxe5 Qxe5 28. dxe5 Rd8 29. Rd1 Rxd1+ 30. Rxd1 e6 31. Rd3 Rb5 32. f4 1/2-1/2

[Event "Krk Golden Island op 1st"]
[Site "Malinska"]
[Date "2013.04.08"]
[Round "4"]
[White "Kuljasevic, Davorin"]
[Black "Grunberg, Sergiu Henric"]
[Result "1-0"]
[WhiteElo "2579"]
[BlackElo "2377"]
[PlyCount "55"]
[EventDate "2013.04.06"]
[EventType "swiss"]
[EventRounds "9"]
[EventCountry "CRO"]
[SourceTitle "CBM 153 Extra"]
[Source "ChessBase"]
[SourceDate "2013.04.22"]
[SourceVersion "1"]
[SourceVersionDate "2013.04.22"]
[SourceQuality "1"]

1. d4 f5 2. g3 Nf6 3. Bg2 e6 4. c4 d5 5. Qc2 c6 6. Nh3 Bd6 7. 0-0 0-0 8. Bf4 Be7 9. Nc3 b6 10. Rac1 a5 11. cxd5 exd5 12. Na4 b5 13. Nc5 Na6 14. Nxa6 Rxa6 15. Bd2 Qb6 16. e3 Ne4 17. Nf4 a4 18. a3 b4 19. Bxb4 Bxb4 20. axb4 Qxb4 21. Nd3 Qb6 22. Ra1 Rf6 23. Rfc1 Qb3 24. Ra3 Qxc2 25. Rxc2 g5 26. Nb4 Rb6 27. Rxa4 Bb7 28. Nd3 1-0

[Event "Krk Golden Island op 1st"]
[Site "Malinska"]
[Date "2013.04.07"]
[Round "2"]
[White "Bajlo, Kristijan"]
[Black "Grunberg, Sergiu Henric"]
[Result "0-1"]
[WhiteElo "2118"]
[BlackElo "2377"]
[PlyCount "86"]
[EventDate "2013.04.06"]
[EventType "swiss"]
[EventRounds "9"]
[EventCountry "CRO"]
[SourceTitle "CBM 153 Extra"]
[Source "ChessBase"]
[SourceDate "2013.04.22"]
[SourceVersion "1"]
[SourceVersionDate "2013.04.22"]
[SourceQuality "1"]

1. e4 Nf6 2. e5 Nd5 3. Nc3 Nxc3 4. dxc3 d6 5. Nf3 Nc6 6. Bf4 Bg4 7. Bb5 a6 8. Be2 e6 9. Qd2 dxe5 10. Qxd8+ Rxd8 11. Nxe5 Nxe5 12. Bxe5 Bxe2 13. Kxe2 Rd7 14. Rad1 f6 15. Bg3 Bd6 16. Rd3 Bxg3 17. Rxg3 Kf7 18. Rd3 Rhd8 19. Rhd1 Ke7 20. Ke3 e5 21. f4 Ke6 22. fxe5 fxe5 23. Ke4 Rd6 24. Rf1 c5 25. Rf5 Rd5 26. Rg5 g6 27. b3 b5 28. Ke3 Rf8 29. Rg4 Rd7 30. Rxd7 Kxd7 31. Ke2 Ke6 32. a3 Rf4 33. Rg3 c4 34. Re3 Kf5 35. Rg3 h5 36. Rh3 Re4+ 37. Kf2 h4 38. g3 g5 39. gxh4 gxh4 40. Rf3+ Rf4 41. h3 Ke4 42. Rxf4+ Kxf4 43. Kg2 Ke3 0-1

[Event "Krk Golden Island op 1st"]
[Site "Malinska"]
[Date "2013.04.07"]
[Round "3"]
[White "Grunberg, Sergiu Henric"]
[Black "Zelcic, Robert"]
[Result "1/2-1/2"]
[WhiteElo "2377"]
[BlackElo "2555"]
[PlyCount "251"]
[EventDate "2013.04.06"]
[EventType "swiss"]
[EventRounds "9"]
[EventCountry "CRO"]
[SourceTitle "CBM 153 Extra"]
[Source "ChessBase"]
[SourceDate "2013.04.22"]
[SourceVersion "1"]
[SourceVersionDate "2013.04.22"]
[SourceQuality "1"]

1. Nf3 Nf6 2. c4 e6 3. g3 d5 4. Bg2 d4 5. 0-0 c5 6. d3 Nc6 7. e3 h6 8. exd4 cxd4 9. b3 Bd6 10. Ba3 0-0 11. Bxd6 Qxd6 12. Nbd2 e5 13. a3 a5 14. Qc2 Bf5 15. c5 Qc7 16. Nc4 e4 17. dxe4 Bxe4 18. Qb2 Rad8 19. Rad1 d3 20. Nd6 Rxd6 21. cxd6 Qxd6 22. Rfe1 Qd5 23. Re3 Ng4 24. Rxe4 Qxe4 25. Ne1 Qe6 26. Nxd3 Qd7 27. Bxc6 Qxc6 28. Qd4 Nf6 29. Ne5 Qb5 30. Nc4 Qxb3 31. Nxa5 Qb5 32. Nc4 Qa4 33. Nd6 Qxa3 34. Nxb7 Qf3 35. Nc5 Re8 36. h3 Rc8 37. Re1 Qf5 38. Ne4 Nxe4 39. Qxe4 Qxh3 40. Rd1 Qh5 41. Rb1 Qg5 42. Kg2 h5 43. Rb7 Rf8 44. Rd7 f5 45. Qh4 Qg6 46. Rd4 Qc6+ 47. Kh2 Qh6 48. Qf4 Qf6 49. Rd6 Qf7 50. Qe5 Kh7 51. Qd5 Qe7 52. Rd7 Qg5 53. Qd6 Rf6 54. Qf4 Qg6 55. Rd8 Qf7 56. Qb8 f4 57. Rh8+ Kg6 58. Qe8 Qxe8 59. Rxe8 Kf5 60. Rb8 g5 61. gxf4 Kxf4 62. Kg2 g4 63. Rb4+ Kg5 64. Rb5+ Kg6 65. Rb3 h4 66. Rb5 Rf5 67. Rb8 Kg5 68. Rb3 Re5 69. Rb8 Kf4 70. Rf8+ Rf5 71. Ra8 h3+ 72. Kg1 Rd5 73. Rf8+ Ke4 74. Re8+ Re5 75. Rf8 Rf5 76. Re8+ Kf3 77. Re3+ Kf4 78. Re8 Rf6 79. Re7 Kf5 80. Kh2 Kg5 81. Kg1 Rd6 82. Rf7 Rd1+ 83. Kh2 Rd3 84. Rg7+ Kf4 85. Rf7+ Ke4 86. Re7+ Kf5 87. Rf7+ Kg6 88. Rf8 Rd2 89. Kg3 Rd1 90. Kh2 Rd5 91. Kg3 Rh5 92. Kh2 Rf5 93. Rg8+ Kh5 94. Kg1 Rf6 95. Rg7 Rf8 96. Ra7 Rd8 97. Rg7 Rd1+ 98. Kh2 Rd3 99. Rg8 Rf3 100. Kg1 Rf7 101. Ra8 Kg5 102. Ra4 Re7 103. Ra8 Rf7 104. Ra4 Rf8 105. Rb4 Kf5 106. Kh2 Rd8 107. Rb7 Ke4 108. Kg3 Rh8 109. Re7+ Kf5 110. Kh2 Kf4 111. Rf7+ Ke4 112. Rf6 Rh5 113. Rg6 Kf4 114. Rf6+ Rf5 115. Ra6 Kf3 116. Kg1 Re5 117. Rf6+ Ke4 118. Rf8 Rh5 119. Re8+ Re5 120. Rg8 Kf3 121. Rf8+ Ke2 122. Rf4 Rg5 123. Rf8 Rh5 124. Rf4 h2+ 125. Kh1 Rh4 126. f3 1/2-1/2

[Event "ROM-chT2"]
[Site "Baile Tusnad"]
[Date "2000.??.??"]
[Round "?"]
[White "Nemeth, Francisc"]
[Black "Grunberg, Sergiu Henric"]
[Result "1/2-1/2"]
[WhiteElo "2284"]
[BlackElo "2382"]
[PlyCount "61"]
[EventDate "2000.??.??"]
[EventType "team"]
[EventRounds "9"]
[EventCountry "ROU"]
[SourceTitle "EXT 2001"]
[Source "ChessBase"]
[SourceDate "2000.11.22"]
[SourceVersion "1"]
[SourceVersionDate "2000.11.22"]
[SourceQuality "1"]

1. g3 f5 2. Bg2 Nf6 3. d3 d5 4. c4 e6 5. Nf3 Nc6 6. b3 a5 7. a3 d4 8. e3 Bc5 9. exd4 Nxd4 10. Bb2 0-0 11. Nbd2 Ra6 12. 0-0 Rd6 13. Ne5 Nd7 14. Nef3 Nb8 15. b4 axb4 16. axb4 Nxf3+ 17. Nxf3 Bxb4 18. d4 c5 19. Ra8 Nc6 20. Qb3 cxd4 21. Nxd4 Bc5 22. Nxc6 bxc6 23. Be5 Rd3 24. Qa4 Qb6 25. Bxc6 Ra3 26. Qb5 Rxa8 27. Bxa8 Ba6 28. Qd7 Rf7 29. Qe8+ Rf8 30. Qd7 Rf7 31. Qe8+ 1/2-1/2

[Event "ROM-chT2"]
[Site "Baile Tusnad"]
[Date "2000.??.??"]
[Round "?"]
[White "Petre, Nad Titus"]
[Black "Grunberg, Sergiu Henric"]
[Result "1-0"]
[WhiteElo "2307"]
[BlackElo "2382"]
[PlyCount "47"]
[EventDate "2000.??.??"]
[EventType "team"]
[EventRounds "9"]
[EventCountry "ROU"]
[SourceTitle "EXT 2001"]
[Source "ChessBase"]
[SourceDate "2000.11.22"]
[SourceVersion "1"]
[SourceVersionDate "2000.11.22"]
[SourceQuality "1"]

1. e4 Nf6 2. d3 d5 3. Nd2 c5 4. g3 Nc6 5. Bg2 e6 6. Ngf3 Qc7 7. 0-0 Be7 8. Re1 b6 9. c3 Bb7 10. e5 Nd7 11. Nf1 Ncxe5 12. Nxe5 Nxe5 13. Bf4 Bd6 14. Bxe5 Bxe5 15. Qh5 Bd6 16. Rxe6+ Kf8 17. Re2 g6 18. Qh6+ Kg8 19. Rae1 Qd7 20. Ne3 Bf8 21. Qf4 h5 22. c4 Bd6 23. Qf6 Qd8 24. Nxd5 1-0

[Event "ROM-chT"]
[Site "Baile Tusnad"]
[Date "1997.??.??"]
[Round "?"]
[White "Grunberg, Sergiu Henric"]
[Black "Vasiesiu, Dan"]
[Result "1-0"]
[WhiteElo "2390"]
[BlackElo "2420"]
[PlyCount "99"]
[EventDate "1997.??.??"]
[EventType "team"]
[EventRounds "5"]
[EventCountry "ROU"]
[SourceTitle "EXT 1999"]
[Source "ChessBase"]
[SourceDate "1998.11.16"]
[SourceVersion "1"]
[SourceVersionDate "1998.11.16"]
[SourceQuality "1"]

1. Nf3 Nf6 2. c4 g6 3. g3 Bg7 4. Bg2 0-0 5. 0-0 d5 6. d4 dxc4 7. Na3 c3 8. bxc3 c5 9. Nc4 Nc6 10. Nfe5 Be6 11. Nxc6 bxc6 12. Qd3 Nd5 13. Bd2 Qc8 14. Na5 Bd7 15. Rab1 e5 16. dxc5 Nf6 17. Rfd1 Bf5 18. e4 Bh3 19. Nxc6 Qxc6 20. Bxh3 Rad8 21. Qc4 Qxe4 22. Qxe4 Nxe4 23. Be3 f5 24. Rxd8 Rxd8 25. Bf1 f4 26. gxf4 exf4 27. Bc4+ Kh8 28. Bxf4 Nxc5 29. Be3 Ne4 30. Bxa7 Nd2 31. Rb4 Bxc3 32. Ra4 g5 33. Be2 Bf6 34. Be3 Nb1 35. Ra7 Nc3 36. Bf3 g4 37. Bc6 Rd1+ 38. Kg2 Ne2 39. f3 Nd4 40. Rf7 gxf3+ 41. Bxf3 Nxf3 42. Rxf6 Nh4+ 43. Kf2 Kg7 44. Ra6 h5 45. a4 Ng6 46. Bg5 Rd5 47. Ra7+ Kf8 48. h4 Rd4 49. a5 Nxh4 50. a6 1-0

[Event "ROM-chT"]
[Site "Herculane"]
[Date "1996.??.??"]
[Round "?"]
[White "Grunberg, Sergiu Henric"]
[Black "Grigore, George Gabriel"]
[Result "1/2-1/2"]
[WhiteElo "2400"]
[BlackElo "2460"]
[PlyCount "53"]
[EventDate "1996.??.??"]
[EventType "team"]
[EventRounds "5"]
[EventCountry "ROU"]
[SourceTitle "CBM 056 Extra"]
[Source "ChessBase"]
[SourceDate "1997.03.01"]
[SourceVersion "1"]
[SourceVersionDate "1997.03.01"]
[SourceQuality "1"]

1. f4 g6 2. Nf3 Bg7 3. g3 c5 4. Bg2 Nc6 5. c3 d5 6. 0-0 e6 7. d3 Nge7 8. e4 0-0 9. Na3 Rb8 10. Nc2 b5 11. Be3 d4 12. cxd4 cxd4 13. Bf2 e5 14. Nxe5 Nxe5 15. fxe5 Nc6 16. Qd2 Be6 17. a3 Bxe5 18. Nb4 Qd6 19. Nxc6 Qxc6 20. Rfc1 Qb6 21. Be1 Rfc8 22. Qa5 Qb7 23. a4 a6 24. axb5 axb5 25. Qb4 Qb6 26. Bf2 h5 27. Bf3 1/2-1/2

[Event "ROM-chT"]
[Site "Calarasi"]
[Date "1995.??.??"]
[Round "8"]
[White "Grunberg, Sergiu Henric"]
[Black "Popescu, Daniel Dorin"]
[Result "1/2-1/2"]
[WhiteElo "2400"]
[BlackElo "2270"]
[PlyCount "49"]
[EventDate "1995.??.??"]
[EventType "team"]
[EventRounds "9"]
[EventCountry "ROU"]
[SourceTitle "EXT 1999"]
[Source "ChessBase"]
[SourceDate "1998.11.16"]
[SourceVersion "1"]
[SourceVersionDate "1998.11.16"]
[SourceQuality "1"]

1. Nf3 Nf6 2. c4 g6 3. Nc3 Bg7 4. e4 d6 5. d4 0-0 6. h3 Na6 7. Be3 e5 8. d5 Nh5 9. Nh2 Qe8 10. Be2 f5 11. Bxh5 gxh5 12. g4 f4 13. Bd2 Nb4 14. Nb5 Na6 15. b4 Bd7 16. a4 Qg6 17. f3 Bf6 18. Qb1 c6 19. Na3 cxd5 20. cxd5 Bh4+ 21. Ke2 Bd8 22. Rg1 Bb6 23. Rg2 Bd4 24. Ra2 Rac8 25. Qb3 1/2-1/2

[Event "ROM-chT"]
[Site "Calarasi"]
[Date "1995.??.??"]
[Round "?"]
[White "Moldovan, Daniel"]
[Black "Grunberg, Sergiu Henric"]
[Result "1/2-1/2"]
[WhiteElo "2420"]
[BlackElo "2400"]
[PlyCount "80"]
[EventDate "1995.??.??"]
[EventType "team"]
[EventRounds "9"]
[EventCountry "ROU"]
[SourceTitle "EXT 1999"]
[Source "ChessBase"]
[SourceDate "1998.11.16"]
[SourceVersion "1"]
[SourceVersionDate "1998.11.16"]
[SourceQuality "1"]

1. e4 Nf6 2. e5 Nd5 3. d4 d6 4. c4 Nb6 5. exd6 exd6 6. Nc3 Be7 7. h3 Nc6 8. Nf3 Bf5 9. d5 Ne5 10. Nxe5 dxe5 11. Be3 Nd7 12. Be2 Bg6 13. 0-0 0-0 14. Qd2 a5 15. Rad1 Nc5 16. Qc1 b6 17. Nb5 Re8 18. f4 exf4 19. Bxf4 Bd6 20. Bxd6 cxd6 21. Rfe1 Re4 22. Qc3 Re5 23. Bf1 Be4 24. b3 Qd7 25. a3 Rae8 26. b4 Nb7 27. Qg3 h6 28. Qf2 Qd8 29. Nd4 Qg5 30. Nc6 Rf5 31. Qd2 Rf4 32. Bd3 Kf8 33. c5 axb4 34. Bxe4 Rexe4 35. Rxe4 Rxe4 36. Qxg5 hxg5 37. cxd6 Nxd6 38. axb4 g6 39. Ra1 Re1+ 40. Kf2 Rd1 1/2-1/2

[Event "ROM-chT"]
[Site "Calarasi"]
[Date "1995.??.??"]
[Round "?"]
[White "Vlad, Decebal"]
[Black "Grunberg, Sergiu Henric"]
[Result "1/2-1/2"]
[WhiteElo "2335"]
[BlackElo "2400"]
[PlyCount "65"]
[EventDate "1995.??.??"]
[EventType "team"]
[EventRounds "9"]
[EventCountry "ROU"]
[SourceTitle "EXT 1999"]
[Source "ChessBase"]
[SourceDate "1998.11.16"]
[SourceVersion "1"]
[SourceVersionDate "1998.11.16"]
[SourceQuality "1"]

1. e4 Nf6 2. e5 Nd5 3. g3 d6 4. exd6 Qxd6 5. d4 Bf5 6. Bg2 Nc6 7. Ne2 e6 8. 0-0 Be7 9. a3 Rd8 10. c4 Nf6 11. Nbc3 0-0 12. Be3 Qd7 13. h3 h5 14. b4 e5 15. dxe5 Nxe5 16. Qxd7 Rxd7 17. c5 c6 18. Nd4 Bh7 19. Nde2 Nc4 20. Bg5 Rfd8 21. a4 a5 22. b5 Bxc5 23. bxc6 bxc6 24. Bxc6 Rd6 25. Bg2 Nd2 26. Rfe1 Bb4 27. Nb5 Rd3 28. Nf4 Nf3+ 29. Bxf3 Rxf3 30. Kg2 Rxf4 31. Bxf4 Bxe1 32. Rxe1 Bc2 33. Bc7 1/2-1/2

[Event "Timisoara"]
[Site "Timisoara"]
[Date "1994.??.??"]
[Round "3"]
[White "Bach, Adrian"]
[Black "Grunberg, Sergiu Henric"]
[Result "1/2-1/2"]
[WhiteElo "2345"]
[BlackElo "2380"]
[PlyCount "160"]
[EventDate "1994.??.??"]
[EventType "tourn"]
[EventRounds "13"]
[EventCountry "ROU"]
[EventCategory "5"]
[SourceTitle "EXT 1997"]
[Source "ChessBase"]
[SourceDate "1996.11.15"]
[SourceVersion "1"]
[SourceVersionDate "1996.11.15"]
[SourceQuality "1"]

1. e4 Nf6 2. e5 Nd5 3. d4 d6 4. Nf3 Nb6 5. a4 a5 6. Bf4 dxe5 7. Nxe5 N8d7 8. Bb5 Nd5 9. Bxd7+ Bxd7 10. Nxf7 Kxf7 11. Qh5+ Kg8 12. Qxd5+ e6 13. Qe4 Qe8 14. 0-0 Bc6 15. Qe2 Qg6 16. f3 Bd6 17. Bxd6 cxd6 18. Nc3 Kf7 19. Rae1 Rhe8 20. Nb5 Rad8 21. Rf2 Qf6 22. Qd3 Kg8 23. Nc3 h6 24. Rfe2 Kh8 25. b3 Qf7 26. Qc4 Qg6 27. d5 exd5 28. Nxd5 Rxe2 29. Rxe2 Qg5 30. Nf4 Bxf3 31. Rf2 Bc6 32. Ne6 Qc1+ 33. Qf1 Qxf1+ 34. Kxf1 Re8 35. Nd4 Be4 36. Re2 d5 37. Ke1 Kg8 38. Kd2 Kf7 39. Nb5 Rd8 40. Ke3 Kf6 41. Kd4 Bg6 42. Rf2+ Ke7 43. Nc3 Bf7 44. Rf5 Rc8 45. Rf2 Rd8 46. Re2+ Kf8 47. g3 b6 48. h4 h5 49. Nd1 Rc8 50. Nf2 Rb8 51. Nd3 b5 52. Nc5 Kg8 53. axb5 Rxb5 54. c3 Kf8 55. Re5 g6 56. Re2 Bg8 57. Ra2 Ke7 58. Ra3 Be6 59. c4 dxc4 60. bxc4 Rb1 61. Nxe6 Rd1+ 62. Ke5 Re1+ 63. Kf4 Kxe6 64. Rxa5 Rc1 65. Ra6+ Kf7 66. Rc6 Rc3 67. c5 Kg7 68. Ke5 Rxg3 69. Rc7+ Kh6 70. Rf7 g5 71. hxg5+ Rxg5+ 72. Rf5 Rg8 73. c6 h4 74. c7 Kg6 75. Rf1 Kh5 76. Rb1 Rc8 77. Kd6 h3 78. Kd7 Rxc7+ 79. Kxc7 Kg4 80. Kd6 h2 1/2-1/2

[Event "Timisoara"]
[Site "Timisoara"]
[Date "1994.??.??"]
[Round "10"]
[White "Bakic, Rados"]
[Black "Grunberg, Sergiu Henric"]
[Result "1-0"]
[WhiteElo "2435"]
[BlackElo "2380"]
[PlyCount "71"]
[EventDate "1994.??.??"]
[EventType "tourn"]
[EventRounds "13"]
[EventCountry "ROU"]
[EventCategory "5"]
[SourceTitle "EXT 1997"]
[Source "ChessBase"]
[SourceDate "1996.11.15"]
[SourceVersion "1"]
[SourceVersionDate "1996.11.15"]
[SourceQuality "1"]

1. d4 f5 2. Bg5 g6 3. Nd2 Bg7 4. e4 fxe4 5. Nxe4 d5 6. Ng3 c5 7. dxc5 Bxb2 8. Rb1 Bg7 9. Bb5+ Nc6 10. Nf3 Qa5+ 11. Bd2 Qc7 12. 0-0 a6 13. Ba4 Nf6 14. Bc3 e6 15. Be5 Qa5 16. Bxc6+ bxc6 17. Bd6 Bf8 18. Qd4 Bxd6 19. Qxf6 Rf8 20. Qh4 Qxc5 21. Qxh7 Ra7 22. Qxg6+ Kd8 23. Ng5 Re7 24. Qh6 Rf4 25. Rbe1 Qxc2 26. Nh5 Rh4 27. g3 Ra4 28. Ng7 Kc7 29. N7xe6+ Bxe6 30. Nxe6+ Kb6 31. Rc1 Qh7 32. Qe3+ Kb7 33. Nc5+ Ka8 34. Qb3 Ra5 35. Qb6 Rxc5 36. Rxc5 1-0

[Event "Timisoara"]
[Site "Timisoara"]
[Date "1994.??.??"]
[Round "7"]
[White "Berescu, Alin Mile"]
[Black "Grunberg, Sergiu Henric"]
[Result "1/2-1/2"]
[WhiteElo "2255"]
[BlackElo "2380"]
[PlyCount "61"]
[EventDate "1994.??.??"]
[EventType "tourn"]
[EventRounds "13"]
[EventCountry "ROU"]
[EventCategory "5"]
[SourceTitle "EXT 1997"]
[Source "ChessBase"]
[SourceDate "1996.11.15"]
[SourceVersion "1"]
[SourceVersionDate "1996.11.15"]
[SourceQuality "1"]

1. e4 Nf6 2. e5 Nd5 3. c4 Nb6 4. b3 d6 5. exd6 cxd6 6. Bb2 d5 7. Nf3 Nc6 8. d4 Bg4 9. Nbd2 e6 10. Be2 Be7 11. Rc1 0-0 12. 0-0 Bf6 13. h3 Bxf3 14. Nxf3 Rc8 15. Qd2 dxc4 16. bxc4 Qd7 17. Rfd1 Rfd8 18. h4 Qe8 19. g4 Nxd4 20. Bxd4 Bxd4 21. Qa5 Bc5 22. Qxa7 Nd5 23. Qa5 Nf4 24. Bf1 b6 25. Qe1 Qc6 26. Rxd8+ Rxd8 27. Rd1 Rc8 28. Ne5 Qa4 29. Qd2 f6 30. Qd7 Qxd7 31. Nxd7 1/2-1/2

[Event "ROM-chT"]
[Site "Romania"]
[Date "1994.??.??"]
[Round "?"]
[White "Grunberg, Sergiu Henric"]
[Black "Gaburici, Gheorghe"]
[Result "1-0"]
[WhiteElo "2355"]
[BlackElo "2210"]
[PlyCount "57"]
[EventDate "1994.??.??"]
[EventType "team"]
[EventRounds "10"]
[EventCountry "ROU"]
[SourceTitle "EXT 1997"]
[Source "ChessBase"]
[SourceDate "1996.11.15"]
[SourceVersion "1"]
[SourceVersionDate "1996.11.15"]
[SourceQuality "1"]

1. Nf3 Nf6 2. c4 g6 3. Nc3 Bg7 4. e4 c5 5. d4 cxd4 6. Nxd4 d6 7. Be2 0-0 8. Be3 Nc6 9. Qd2 Ng4 10. Bxg4 Bxg4 11. 0-0 Qa5 12. b3 Be6 13. Rac1 Nxd4 14. Bxd4 Bxd4 15. Qxd4 a6 16. f4 f5 17. Rce1 Rf7 18. Re3 Qc5 19. Qxc5 dxc5 20. Rfe1 b5 21. exf5 Bxf5 22. Rxe7 bxc4 23. bxc4 Bd3 24. Nd5 Raf8 25. Rxf7 Rxf7 26. Rc1 Rb7 27. Rc3 Rb1+ 28. Kf2 Rb2+ 29. Kg3 1-0

[Event "ROM-chT"]
[Site "Romania"]
[Date "1994.??.??"]
[Round "?"]
[White "Grunberg, Sergiu Henric"]
[Black "Nevednichy, Vladislav"]
[Result "0-1"]
[WhiteElo "2355"]
[BlackElo "2480"]
[PlyCount "66"]
[EventDate "1994.??.??"]
[EventType "team"]
[EventRounds "10"]
[EventCountry "ROU"]
[SourceTitle "EXT 1997"]
[Source "ChessBase"]
[SourceDate "1996.11.15"]
[SourceVersion "1"]
[SourceVersionDate "1996.11.15"]
[SourceQuality "1"]

1. Nf3 d6 2. d4 Nf6 3. c4 g6 4. Nc3 Bg7 5. e4 0-0 6. h3 e5 7. d5 Na6 8. Be3 Nh5 9. Nh2 Qe8 10. Be2 f5 11. 0-0 Nf6 12. exf5 gxf5 13. f4 exf4 14. Bxf4 Nc5 15. Nb5 Qe7 16. Nd4 Nfe4 17. Nhf3 Bd7 18. Re1 a5 19. Bf1 Kh8 20. Rc1 Qf6 21. Rc2 Rg8 22. Qc1 Qg6 23. Nb3 Nxb3 24. axb3 Bf6 25. Kh2 Rae8 26. c5 Re7 27. cxd6 cxd6 28. Nd2 Bh4 29. Nxe4 fxe4 30. Rc7 Rf7 31. Rxe4 Rgf8 32. Rxd7 Rxd7 33. Re3 Rdf7 0-1

[Event "Timisoara"]
[Site "Timisoara"]
[Date "1994.??.??"]
[Round "5"]
[White "Radlovacki, Jovan"]
[Black "Grunberg, Sergiu Henric"]
[Result "1/2-1/2"]
[WhiteElo "2345"]
[BlackElo "2380"]
[PlyCount "89"]
[EventDate "1994.??.??"]
[EventType "tourn"]
[EventRounds "13"]
[EventCountry "ROU"]
[EventCategory "5"]
[SourceTitle "EXT 1997"]
[Source "ChessBase"]
[SourceDate "1996.11.15"]
[SourceVersion "1"]
[SourceVersionDate "1996.11.15"]
[SourceQuality "1"]

1. e4 Nf6 2. e5 Nd5 3. g3 d6 4. exd6 Qxd6 5. Bg2 Nc6 6. Ne2 Bg4 7. f3 Bf5 8. d3 0-0-0 9. Nbc3 e5 10. a3 h5 11. Nxd5 Qxd5 12. Be3 Qd7 13. h4 Be6 14. Qd2 Be7 15. f4 Bd5 16. Bh3 f5 17. 0-0 g6 18. Rad1 Bf6 19. Nc3 exf4 20. Bxf4 Rhe8 21. Nb5 Be5 22. c4 Bf7 23. Bg2 Kb8 24. Bxe5 Nxe5 25. Qf2 b6 26. b3 c6 27. d4 Ng4 28. Qf4+ Kb7 29. Rfe1 Rxe1+ 30. Rxe1 a6 31. Nc3 Re8 32. Rxe8 Qxe8 33. Qd2 Kc8 34. Bf3 Qe7 35. Bxg4 hxg4 36. Qc1 Kb7 37. Kf2 b5 38. cxb5 axb5 39. b4 Qe6 40. d5 Qd6 41. dxc6+ Qxc6 42. Qe3 Bc4 43. Kg1 Qf6 44. Kf2 Ka6 45. Kg1 1/2-1/2

[Event "Timisoara"]
[Site "Timisoara"]
[Date "1994.??.??"]
[Round "9"]
[White "Radulovic, Dragan B"]
[Black "Grunberg, Sergiu Henric"]
[Result "0-1"]
[WhiteElo "2300"]
[BlackElo "2380"]
[PlyCount "65"]
[EventDate "1994.??.??"]
[EventType "tourn"]
[EventRounds "13"]
[EventCountry "ROU"]
[EventCategory "5"]
[SourceTitle "EXT 1997"]
[Source "ChessBase"]
[SourceDate "1996.11.15"]
[SourceVersion "1"]
[SourceVersionDate "1996.11.15"]
[SourceQuality "1"]

1. c4 f5 2. g3 Nf6 3. Bg2 g6 4. Nc3 c6 5. d3 Bg7 6. e4 d6 7. Nge2 0-0 8. 0-0 e5 9. Be3 Be6 10. Kh1 Ng4 11. Bd2 Nd7 12. h3 Ngf6 13. Qc2 Rc8 14. Rae1 fxe4 15. Nxe4 Nxe4 16. dxe4 b5 17. cxb5 cxb5 18. Qb1 Nc5 19. b3 d5 20. Bb4 d4 21. Nc1 a5 22. Bd2 b4 23. Nd3 Qb6 24. Nxc5 Rxc5 25. f4 Rfc8 26. Rc1 Rc3 27. Bxc3 bxc3 28. Qd3 a4 29. f5 axb3 30. fxe6 b2 31. Rxc3 dxc3 32. e7 Qc6 33. h4 0-1

[Event "ROM-chT"]
[Site "Romania"]
[Date "1992.??.??"]
[Round "?"]
[White "Grunberg, Sergiu Henric"]
[Black "Breahna, Radu"]
[Result "1-0"]
[WhiteElo "2375"]
[BlackElo "2340"]
[PlyCount "25"]
[EventDate "1992.??.??"]
[EventType "team"]
[EventRounds "9"]
[EventCountry "ROU"]
[SourceTitle "EXT 1997"]
[Source "ChessBase"]
[SourceDate "1996.11.15"]
[SourceVersion "1"]
[SourceVersionDate "1996.11.15"]
[SourceQuality "1"]

1. Nf3 Nf6 2. c4 e6 3. g3 d5 4. Bg2 dxc4 5. Qa4+ Nbd7 6. Qxc4 a6 7. 0-0 b5 8. Qc2 Bb7 9. a4 c5 10. axb5 axb5 11. Rxa8 Qxa8 12. Nc3 Qb8 13. d3 1-0

[Event "CSR-chT"]
[Site "Czechoslovakia"]
[Date "1992.??.??"]
[Round "?"]
[White "Grunberg, Sergiu Henric"]
[Black "Oral, Tomas"]
[Result "1-0"]
[WhiteElo "2375"]
[BlackElo "2255"]
[PlyCount "48"]
[EventDate "1992.??.??"]
[EventType "team"]
[EventRounds "13"]
[EventCountry "CSR"]
[SourceTitle "TD"]
[Source "ChessBase"]
[SourceDate "1994.03.01"]
[SourceVersion "1"]
[SourceVersionDate "1994.03.01"]
[SourceQuality "1"]

1. Nf3 Nf6 2. c4 g6 3. Nc3 Bg7 4. e4 d6 5. d4 0-0 6. h3 e5 7. d5 Nh5 8. Nh2 Nf4 9. h4 f5 10. g3 fxe4 11. gxf4 exf4 12. Nxe4 Qxh4 13. Bd3 Bf5 14. Kd2 Bxe4 15. Bxe4 f3 16. Bxf3 Qxc4 17. Qe2 Qb4+ 18. Kc2 Na6 19. a3 Qd4 20. Kb1 Nc5 21. Be3 Qf6 22. Ka2 Na4 23. Rab1 b5 24. Be4 Rfe8 1-0

[Event "ROM-chT"]
[Site "Romania"]
[Date "1992.??.??"]
[Round "?"]
[White "Manole, Vasile"]
[Black "Grunberg, Sergiu Henric"]
[Result "1/2-1/2"]
[WhiteElo "2300"]
[BlackElo "2375"]
[PlyCount "101"]
[EventDate "1992.??.??"]
[EventType "team"]
[EventRounds "9"]
[EventCountry "ROU"]
[SourceTitle "EXT 1997"]
[Source "ChessBase"]
[SourceDate "1996.11.15"]
[SourceVersion "1"]
[SourceVersionDate "1996.11.15"]
[SourceQuality "1"]

1. e4 Nf6 2. e5 Nd5 3. d4 d6 4. Nf3 Nb6 5. a4 a5 6. exd6 exd6 7. Bd3 Be7 8. h3 0-0 9. 0-0 c5 10. c3 Nc6 11. Na3 cxd4 12. Nxd4 Nxd4 13. cxd4 Be6 14. Nb5 Qd7 15. Re1 Rfc8 16. Qe2 Bf8 17. Qf3 Qc6 18. Qg3 Nd5 19. Bg5 Nb4 20. Rac1 Qd7 21. Bf1 Kh8 22. Bf4 Rc6 23. Rxc6 bxc6 24. Nxd6 Rd8 25. Nc4 Qxd4 26. Bc7 Rc8 27. Be5 Qa7 28. h4 Bd5 29. h5 f6 30. Bc3 h6 31. Nd6 Rd8 32. Nf5 Qf7 33. Nh4 Bd6 34. Ng6+ Kg8 35. Qg4 Bb3 36. Qe4 f5 37. Ne7+ Bxe7 38. Qxe7 Rd7 39. Qe8+ Qxe8 40. Rxe8+ Kf7 41. Re5 Nd5 42. Bxa5 Kf6 43. f4 Bxa4 44. g3 Bb3 45. Rxf5+ Kxf5 46. Bh3+ Ke4 47. Bxd7 Ba4 48. Be8 Nf6 49. Bg6+ Kf3 50. Kh2 Kg4 51. Bb6 1/2-1/2